| 000 | 01576nam a2200277 i 4500 | ||
|---|---|---|---|
| 001 | 184068 | ||
| 003 | ES-MaACL | ||
| 005 | 20250817211304.0 | ||
| 008 | 150304m19191920fr |||| | fre d | ||
| 245 | 0 | 0 |
_aPatrologia orientalis. _nTomus decimus quartus / _c[édité par] R. Graffin et F. Nau. |
| 260 |
_aParis : _bFirmin-Didot et cie, éditeurs, _c1919-1920. |
||
| 300 |
_a855 p. ; _c28 cm. |
||
| 505 | 8 | _aContiene: A collection of letters of Severus of Antioch, from numerous Syriac manuscripts. II / edited and translated by E. W. Brooks. - 1919 ; Fasc. 1 The life of Abba John Khamé / coptic text edited and translated from the Cod. Vat. Copt. LX by M. H. Davis. - 1919 ; Fasc. 2 Moufazzal Ibn Abil-Fazaïl, Histoire des sultans Mamlouks. II / texte arabe publié et traduit en français par E. Blochet. - 1919? ; Fasc. 3 Sei scritti antitriteistici in lingua siriaca / per Giuseppe Furlani,.... - 1920 ; Fasc. 4 Les miracles de Jésus / texte éthiopien publié et traduit par Sylvain Grébaut. - 1920 ; Fasc. 5 | |
| 650 |
_aPatrística. _915895 |
||
| 650 | 0 | 7 |
_aLiteratura cristiana primitiva _2embne _914529 |
| 700 | 1 |
_aBrooks, Ernest Walter, _d1863-1955 _9156178 |
|
| 700 | 1 |
_aDavis, M. H. _9156464 |
|
| 700 | 1 |
_aBlochet, Edgar, _d1870-1937 _9156465 |
|
| 700 | 1 |
_aFurlani, Giuseppe ( _d1885-1962) _9156466 |
|
| 700 | 1 |
_aGrébaut, Sylvain. _9156167 |
|
| 700 | 1 |
_aGraffin, René, _d1858-1941 _9156163 |
|
| 700 | 1 |
_aNau, François. _985006 |
|
| 700 | 1 |
_aMufaddal ibn Abi al-Fada'il al. _9156205 |
|
| 852 |
_aES-MaACL _jG-703 |
||
| 999 |
_c184068 _d184068 |
||